000
00319nam a2200121 a 4500
008
101022s1959|||| d
245
1
0
_a
Kňažná Ligovská, hrdina našich čias, maškarný ples
100
1
_a
Lermontov, M.J.
260
_b
SVKL
_a
Bratislava
_c
1959
044
_a
xo
_c
SK
041
_a
slo
020
_c
17,30
999
_c
12109
_d
12109